000 00674nam a2200217Ia 4500
001 11680
003 GE_BSU
008 181216s||||||||xx |||||||||||||| ||und||
040 _cGE_BSU
080 _a619:616.9–036.2(075.8)
100 _aკვესიტაძე,ი.ფ; ვ.პ.შამათავა.
245 _aკერძო ეპიზოოტოლოგია.
245 _cრედ:ა.ვართანოვი.
260 _aთბილისი.
260 _bცოდნა.
260 _c1960.
300 _a383გვ;26სმ.
300 _eილ.
653 _aკერძო ეპიზოოტოლოგია.
942 _cBK
999 _c44866
_d44866